000 nam a22 a 4500
999 _c163327
_d163327
003 BLK
005 20220914115247.0
008 180410b bul|||||r ||||||| ||bul||
040 _aBLK
041 _aBUL
_cBUL
080 _aБългарска литература
_b821.163.2
_x(081)
_z821.163.2(081)
080 _aБългарска литература
_b821.163.2
_x-6
_z821.163.2-6
100 1 _aВазов, Иван Минчов
_eпърви автор
_9363396
139 _aВазов, Иван Минчов
_bВ 15
245 1 0 _aСъбрани съчинения
_bВ 22 т. За том: 1909-1921
_cИван Минчов Вазов; с предг. от Пантелей Зарев; ред. кол. Петър Николов Динеков; ред. на том Величко Вълчев.
_nТ. 22
_pПисма
257 _aBGR
260 _aСофия
_bБълг. писател
_c1974 -
300 _c21 см
380 _aX
500 _aДр. ред. кол.: Пантелей Зарев, Георги Цанев, Милена Георгиева Цанева.
700 1 _aЗарев, Пантелей
_eс предг. от
_gПантев, Пантелей Йорданов
_9365745
700 1 _aДинеков, Петър Николов
_eред. кол.
_9363799
700 1 _aВълчев, Величко
_eред. на том
_9369332
760 1 _aВазов, Иван Минчов
_dСофия, 1979
_h455 с., 9 л. : портр., факс.
_nСъдържа Показалци.
_oТ. 22 Писма
_tСъбрани съчинения
852 _aЦб 74524
_bЦб
942 _cKNG
_n0
_s1
944 _aCR
_c03.02.2015
_kМилена_Ачева
944 _aED
_c15.03.2018
_kСимона_Петрова
944 _aED
_c2022-09-14
_kСТ
999 _d163327